00251nam a22000977a 4500008004100000020002200041082001100063245002700074260003500101300001700136230405b |||||||| |||| 00| 0 eng d a978-99936-0-493-8 a818.54 aSocial Studies Class V aParo:bRoyal Education Council a67 p.c24 cm